000 00853cam a2200301 i 4500
001 0000553
003 DO-SdBNP
005 20180130134748.0
007 0000553
008 100514s 1983 sp a 000 f spa
015 _a
017 _a
_b
020 _a8472811034
035 _a
040 _aBPMSU
_bspa
_cBPMSU
_e
080 _a
100 1 _aStevenson, Robert L.
245 1 3 _aLa isla del tesoro /
_h
_cRobert L. Stevenson ; traducción Ramón Conde Obregón ; ilustraciones Francisco Miñarro
260 _aMadrid :
_bEdiciones Auriga,
_c1983.
300 _a176 p.:
_bil.
_c21 cm.
490 1 _aNuevo Auriga
_v11
700 1 2 _aConde Obregón, Ramón
_etrad.
700 1 2 _aMiñarro, Francisco
_eil.
830 0 _aNuevo Auriga
_n11
942 _2ddc
_cBK
945 _aInventariado extranjero / 2018 VM
956 _aYLOCKWARD
_810
_cBPMSU
999 _c10967
_d10967